| 000 | 02730cam a22004457i 4500 | ||
|---|---|---|---|
| 001 | data | ||
| 005 | 20260322212120.0 | ||
| 008 | data | ||
| 035 | _a20226272 | ||
| 906 |
_a7 _bcbc _ccopycat _d2 _encip _f20 _gy-gencatlg |
||
| 925 | 0 |
_aacquire _b1 shelf copy _xpolicy default |
|
| 925 | 1 |
_aacquire _b1 shelf copies _xpolicy default |
|
| 010 | _a 2017446991 | ||
| 020 | _a9781623368159 | ||
| 020 | _a1623368154 | ||
| 035 | _a(OCoLC)978291342 | ||
| 040 |
_aIG$ _beng _cIG$ _erda _dDLC _dCLE _dJAI _dDCH _dOCLCQ _dOCLCF _dCZA _dSINLB _dOCLCQ _dNZAUC _dOCLCO _dDLC |
||
| 042 | _alccopycat | ||
| 050 | 0 | 0 |
_aTX714 _b.H469 2017 |
| 082 | 0 | 4 |
_a641.5 _223 |
| 100 | 1 |
_aHermer, Marissa, _eauthor. |
|
| 245 | 1 | 3 |
_aAn American girl in London : _b120 nourishing recipes for your family from a Californian expat / _cMarissa Hermer. |
| 264 | 1 |
_aNew York : _bRodale, _c[2017] |
|
| 264 | 4 | _c©2017 | |
| 300 |
_axi, 243 pages : _bcolor illustrations ; _c26 cm |
||
| 336 |
_atext _btxt _2rdacontent |
||
| 337 |
_aunmediated _bn _2rdamedia |
||
| 338 |
_avolume _bnc _2rdacarrier |
||
| 500 | _aIncludes index. | ||
| 520 | _a"For Marissa Hermer, star of Bravo's hit show Ladies of London, a house just isn t ahome until pots are simmering on the stove and a roast is fragrant in the oven. And growing up in Southern California, she ate avocados picked from her grandmother s tree and freshly caught fish from Newport Beach.So when she followed the love of her life to London in 2008, Hermer wasn't quite sure what to expect. On one of their first dates, now-husband Matt took her to the popular Notting Hill location of his beloved Bumpkin restaurant, which features a traditional British seasonal menu using sustainable ingredients. Hermer was immediately inspired: She started incorporating California twists into English fare, delighting her two boys at home and eventually, Bumpkin fans all over London. An American Girl inLondon is the ultimate cookbook for anyone looking for wholesome, family-friendly fare with a healthy twist the recipes spotlight unprocessed, sustainable, and fresh ingredients. From a flavorful sourdough bread and butter pudding to a rich Beef Wellington, Hermer shows you how to amp up the flavors of home and keep you, your family, and friends feeling fit, loved, and completely nourished." -- provided by publisher. | ||
| 650 | 0 | _aCooking. | |
| 650 | 0 | _aCooking, American. | |
| 650 | 0 | _aCooking, British. | |
| 650 | 7 |
_aCooking. _2fast _0(OCoLC)fst01754966 |
|
| 650 | 7 |
_aCooking, American. _2fast _0(OCoLC)fst01753224 |
|
| 650 | 7 |
_aCooking, British. _2fast _0(OCoLC)fst01753263 |
|
| 655 | 7 |
_aCookbooks. _2fast _0(OCoLC)fst01752725 |
|
| 655 | 7 |
_aCookbooks. _2lcgft |
|
| 999 |
_c1836 _d1836 |
||